Представление документа в формате RUSMARC

ПолеНазваниеЗначение
  Тип записи a
  Библиографический уровень a
001 Контрольный номер RU/CBS_UL/BASE/2837625909d64abda289481fbf416c98
005 Дата корректировки 20260420111234.0
100 Данные общей обработки __
a Данные общей обработки 20260420 ||| 0rusy0189 ca
101 Язык документа 0_
a Язык текста rus
102 Страна публикации __
a Страна публикации RU
200 Заглавие и сведения об ответственности 1_
a Заглавие Офицеры могут перекурить
e Сведения, относящиеся к заглавию [на столетие Всеволода Сафонова]
f Первые сведения об ответственности Д. Горелов
300 Общие примечания __
a Общие примечания 12+
461 Уровень набора _0
1 2000
a Литературная газета
463 Уровень физической единицы _0
1 2000
a № 14 (8-14 апр.)
v С. 13
1 2101
d 2026
1 001RU/CBS_UL/BASE/3026d778ee0c49a899119a9b8b1a65a1
600 Персоналии _1
a Персоналии (Фамилия) Сафонов
b Персоналии (Имя, инициалы) В.Д.
606 Тематические рубрики 0_
a Основная рубрика Сафонов, Всеволод Дмитриевич (1925-1992)
610 Ключевые слова 0_
a Ключевые слова советские актёры; советские актёры театра и кино; киноактёры; российские киноактёры; театральные артисты; артисты театра
700 Автор _1
a Фамилия Горелов
b Имя (инициалы) Д.
801 Источник записи _0
a Страна RU
b Организация МБУК ЦБС г. Ульяновска
c Дата составления 20260420
g Правила каталогизации RCR
801 Источник записи _1
a Страна RU
b Организация МБУК ЦБС г. Ульяновска
c Дата составления 20260420
g Правила каталогизации RCR
901 Тип документа __
t Тип документа f
w Контрольный № источника RU/CBS_UL/BASE/3026d778ee0c49a899119a9b8b1a65a1
909 Создатель записи __
a Создатель записи mbo